000
00324nam a22001457a 4500
008
221024b ||||| |||| 00| 0 eng d
020
_a
9781578011124
041
_a
eng
080
_a
610.73
082
_a
610.73 STO
100
_a
8
101
_a
INF
245
_a
WOUND MANAGEMENT AND HEALING
_c
STOIA J
942
_2
udc
_c
BK
999
_c
58663
_d
58663